000 00631cam a2200217 4500500
005 20260329004756.0
041 _afre
042 _adc
100 1 0 _aNathan, Tobie
_eauthor
245 0 0 _aLivraison de repas à domicile. Deliveroo du Mal
260 _c2021.
500 _a89
690 _aNomade
690 _aPrécarité
690 _aRepas
690 _aSédentarité
690 _aTobie Nathan
690 _aTravail
786 0 _nPhilosophie magazine | 148 | 4 | 2021-04-01 | p. 27-27 | 1951-1787
856 4 1 _uhttps://shs.cairn.info/magazine-philosophie-magazine-2021-4-page-27?lang=fr&redirect-ssocas=7080
999 _c1837187
_d1837187